00263 a2200109 4500001000700000020000600007040001100013100004300024240004100067245003600108362000900144169003 a  cMagnum aMoreira, Antonio Flavio Barbosa (Org.)10aCurriculo: politicas e praticaslpor10aCurriculo: politicas e praticas0 a1899